000 00461nam a22001697a 4500
005 20251108165812.0
008 250721s1980 xx 000 0 ara d
082 1 4 _aط/923/معا
100 1 _aشلق، علي
245 1 0 _aمعاوية بن أبي سفيان /
264 1 _aبيروت :
_bدار المسيرة،
_c1980.
300 _a176ص
490 0 _aكواكب الإسلام ؛ 8
650 1 7 _aالتراجم
942 _2ddc
_cBK
999 _c31674
_d31674